000 00679cam a22002413a 4500
001 13194
003 PGUSA
005 20140828083302.0
008 040816s2004||||xxu|||||s|||||000 | eng d
040 _aPGUSA
_beng
042 _adc
050 4 _aPS
100 1 _aWhite, Stewart Edward,
_d1873-1946
245 1 4 _aThe Rules of the Game
_h[electronic resource] /
_cStewart Edward White
260 _bProject Gutenberg,
_c2004
506 _aPublic domain in the USA.
516 _aElectronic text
653 _aWestern stories
700 1 _aHiller, Lejaren A.,
_d1880-
830 0 _aProject Gutenberg
_v13194
856 4 0 _uhttp://www.gutenberg.org/ebooks/13194
942 _cEB
999 _c242449
_d242449